000 00206 a2200097 4500
001 35948
100 _aStaff W
245 _aIBM PC AT User's 1+Book
260 _aDelhi
_bBPB Pub
_c
090 _c23498
_d23498
942 _aNUST-CAE
_cM
_c15000
999 _c271021
_d271021